000
00324 a2200157 4500
001
168024
020
_a
040
_c
Magnum
100
_a
Dokey, Cameron
240
1
0
_a
Juntos para sempre
_l
por
245
1
0
_a
Juntos para sempre
362
0
_a
1899
440
1
_a
Ática
697
_a
J/ADOLESCENTE, NAMORO
942
_c
BK
999
_c
168024
_d
168024